000 00503nam a22001937a 4500
003 bpm
005 20260427090915.0
008 260427b |||||||| |||| 00| p spa d
024 _aS. C. C. / M. C. y E. M.:
040 _aAR-CtUCP
041 _aspa
080 _aCDU
100 _aGarcía Alfredo Mariano
245 _aCronología poética V 1955-1957 :
_bPostrimetrías en mi tierra
260 _aCorrientes
_bMoglia
_c2010
650 _aLiteratura - Poesía
942 _cLIB
999 _c76691
_d76691